000 01360nam0a2200361 4500
001 RU\NLR\BIBL_A\022809425
005 20260607091854.0
010 _a978-5-17-185194-1
_95000
035 _a(NLR Aleph) 022809425
090 _a13720118
_c13720118
100 _a20260518d2026 u y0rusy50 ca
101 0 _arus
102 _aRU
105 _ay z 000yy
181 0 _ai
_baxxe
182 0 _an
200 1 _aЮристы и нейросети
_eруководство к действию
_fП. Мищенко, М. Тевс, С. Леонтьев [и др.]
203 _aТекст
_bвизуальный
_cнепосредственный
210 _aМосква
_cАСТ
_d2026
215 _a212, [11] с.
_cтабл.
_d21
225 1 _aПопулярное право
300 _aДоп. информ. в QR-код ссылках
333 _a16+
606 1 _aПраво
_xИнформационные технологии
_2nlr_sh2
_3RU\NLR\AUTH\661584892
606 1 _aИскусственный интеллект
_xПравовые вопросы
_2nlr_sh2
_3RU\NLR\AUTH\6601634544
686 1 _aХ62ф.я9
701 1 _aМищенко
_bП.
_gПавел
701 1 _aТевс
_bМ.
_gМихаил
701 1 _aЛеонтьев
_bС.
_gСтепан
942 _cBOOK
980 _aNB